[Event "25.Schlosspark-Open"]
[Site "Wiesbaden-Biebrich"]
[Date "2013.08.25"]
[Round "7.78"]
[White "Diehl, Stefan"]
[Black "Gelfenbaum, Daniel"]
[Result "1-0"]
[WhiteElo "1699"]
[BlackElo "1332"]
[PlyCount "153"]
[EventDate "2013.??.??"]
[WhiteTeam "SC 1910 Höchst"]
[BlackTeam "SAbt TuS Makkabi Ffm"]

1. f4 c5 2. Nf3 Nc6 3. e3 e6 4. b3 Nf6 5. Bb2 Be7 6. Be2 O-O 7. O-O b6 8. Qe1
d5 9. d3 Qc7 10. Nbd2 Bb7 11. Ne5 Nd7 12. Nxd7 Qxd7 13. Qg3 d4 14. e4 f6 15. a3
Bd6 16. Qh4 Qe7 17. Rae1 Rae8 18. Bc1 f5 19. Qh3 Qf7 20. e5 Bc7 21. Bh5 g6 22.
Bd1 b5 23. Nf3 Bd8 24. Bd2 a5 25. Be2 b4 26. a4 Be7 27. Bc1 Rc8 28. Nd2 Ba6 29.
g4 Qg7 30. Rf2 Kh8 31. gxf5 exf5 32. Bf3 Qf7 33. Nc4 Bxc4 34. dxc4 Nd8 35. Bd5
Ne6 36. Rg2 Rb8 37. Kh1 Rb6 38. Reg1 Rg8 39. Qg3 Rg7 40. Bd2 Qe8 41. Qh3 Nc7
42. Bf3 Bf8 43. Be1 Ne6 44. Bd2 Rb8 45. Bd5 Nc7 46. Qf3 Rd8 47. Be1 Qd7 48. Bc6
Qe6 49. Bh4 Be7 50. Bxe7 Qxe7 51. Qh3 Qe6 52. Bf3 Rdd7 53. Qh6 Qf7 54. Re2 Re7
55. Qh3 Qe6 56. Bg2 Rg8 57. Bf3 Rgg7 58. Qg2 Rd7 59. Rge1 Rge7 60. Bc6 Rd8 61.
Bb5 Kg7 62. h4 Kh8 63. Qc6 Qxc6+ 64. Bxc6 Re6 65. Bf3 Kg7 66. Rg1 Kf7 67. h5
Kg7 68. Rh2 h6 69. hxg6 Rxg6 70. Rxg6+ Kxg6 71. Rg2+ Kh7 72. Bh5 Rf8 73. Kh2
Ne6 74. Bg6+ Kh8 75. Kg3 Kg7 76. Kf3 Rg8 77. Bxf5+ 1-0

[Event "25.Schlosspark-Open"]
[Site "Wiesbaden-Biebrich"]
[Date "2013.08.25"]
[Round "7.79"]
[White "Lessmann, Sven"]
[Black "Mütsch, Annmarie"]
[Result "1-0"]
[WhiteElo "1697"]
[BlackElo "1277"]
[PlyCount "93"]
[EventDate "2013.??.??"]
[WhiteTeam "SC Bad Soden"]
[BlackTeam "SF HN-Biberach 1978 e.V."]

1. d4 d5 2. c4 e6 3. Nc3 Nf6 4. Bg5 Be7 5. Nf3 Nc6 6. e3 O-O 7. Bd3 h6 8. Bxf6
Bxf6 9. cxd5 exd5 10. Rc1 Bg4 11. O-O a6 12. h3 Be6 13. Bb1 Ne7 14. Qd3 Bf5 15.
e4 dxe4 16. Nxe4 Bxe4 17. Qxe4 Ng6 18. a3 Re8 19. Qd3 Qd6 20. Qc4 Rac8 21. Bxg6
Rf8 22. Bf5 Rb8 23. Qxc7 Qd5 24. Qc5 Qb3 25. Rc2 b6 26. Qc6 a5 27. Rfc1 b5 28.
Qc7 a4 29. Qxb8 Rxb8 30. Rc8+ Bd8 31. Rxb8 g6 32. Rxd8+ Kg7 33. Be4 Qxb2 34.
Rb1 Qxa3 35. Rb8 Qc3 36. R8xb5 Qa3 37. Bc2 Qa2 38. Rc1 a3 39. Rbb1 Qd5 40. Bb3
Qa5 41. Ba2 Qa7 42. d5 Qe7 43. Rd1 Qd6 44. Nd4 Qc5 45. Nb5 Qc2 46. d6 Qxa2 47.
d7 1-0

[Event "25.Schlosspark-Open"]
[Site "Wiesbaden-Biebrich"]
[Date "2013.08.25"]
[Round "7.80"]
[White "Reinisch, Markus"]
[Black "Triantafillidis, Zoe"]
[Result "1-0"]
[WhiteElo "1040"]
[BlackElo "1691"]
[PlyCount "71"]
[EventDate "2013.??.??"]
[WhiteTeam "Wiesbadener SV 1885"]
[BlackTeam "SF HN-Biberach 1978 e.V."]

1. e4 c6 2. d4 d5 3. e5 e6 4. Nc3 Bb4 5. Nf3 Nd7 6. Be2 Ne7 7. O-O Ng6 8. a3
Be7 9. Bd3 Qc7 10. Ne2 c5 11. c3 O-O 12. Bxg6 fxg6 13. Bg5 Nb6 14. Bxe7 Qxe7
15. Nd2 Bd7 16. f4 Rac8 17. dxc5 Qxc5+ 18. Nd4 Na4 19. Qb3 Nb6 20. Qb4 a6 21.
N2b3 Qxb4 22. axb4 Rc7 23. Nc5 Re8 24. b3 Na8 25. Ra2 Bc8 26. Rf3 Nb6 27. g4
Nd7 28. Ncxe6 Nxe5 29. Nxc7 Nxf3+ 30. Nxf3 Re3 31. Nxd5 Rxf3 32. Ne7+ Kf8 33.
Nxc8 Rxc3 34. Nd6 Rxb3 35. Re2 Rxb4 36. Re8# 1-0

[Event "25.Schlosspark-Open"]
[Site "Wiesbaden-Biebrich"]
[Date "2013.08.25"]
[Round "7.81"]
[White "Spinnler, Wolfgang"]
[Black "Gießelbach, Christian"]
[Result "1/2-1/2"]
[WhiteElo "1683"]
[BlackElo "1061"]
[PlyCount "41"]
[EventDate "2013.??.??"]
[WhiteTeam "SC Landskrone"]
[BlackTeam "SAbt TuS Dotzheim"]

1. d4 d5 2. c4 c6 3. cxd5 cxd5 4. Nc3 Nf6 5. Nf3 Bf5 6. Bg5 e6 7. a3 Be7 8. h3
Ne4 9. Bxe7 Qxe7 10. Nxe4 Bxe4 11. Nd2 Bg6 12. e3 O-O 13. Be2 Nd7 14. O-O Rac8
15. Rc1 Nf6 16. b4 Rc7 17. Rxc7 Qxc7 18. Qc1 Qxc1 19. Rxc1 a6 20. Rc7 Rb8 21.
f3 1/2-1/2

[Event "25.Schlosspark-Open"]
[Site "Wiesbaden-Biebrich"]
[Date "2013.08.25"]
[Round "7.83"]
[White "Bratmann, Marc"]
[Black "Busch, Günther"]
[Result "1-0"]
[WhiteElo "1730"]
[BlackElo "1297"]
[PlyCount "99"]
[EventDate "2013.??.??"]
[WhiteTeam "SAbt TuS Dotzheim"]
[BlackTeam "FC 1934 Wiesbaden-Bierstadt"]

1. e4 c5 2. c4 b6 3. g3 Bb7 4. Bg2 g6 5. d3 Bg7 6. Nc3 e6 7. Nge2 a6 8. O-O Ne7
9. Rb1 d6 10. Be3 Nd7 11. a3 h6 12. b4 Rb8 13. Qc2 O-O 14. bxc5 bxc5 15. Rb3
Nc6 16. Bd2 Nd4 17. Nxd4 cxd4 18. Na4 Qc7 19. Rfb1 Nc5 20. Nxc5 dxc5 21. Qb2
Be5 22. Rxb7 Rxb7 23. Qxb7 Rb8 24. Qxb8+ Qxb8 25. Rxb8+ Bxb8 26. Bxh6 Kh7 27.
Bd2 Bc7 28. f4 a5 29. Kf2 Kg7 30. Ke2 Kf6 31. Kf3 Ke7 32. h4 Kf6 33. Kg4 Bb6
34. h5 Kg7 35. hxg6 Kxg6 36. e5 Bd8 37. Be4+ Kg7 38. f5 Bc7 39. fxe6 fxe6 40.
Bf4 Bd8 41. Kh5 Bc7 42. g4 Bd8 43. g5 Be7 44. g6 Kg8 45. Bc6 Bf8 46. Bd7 Bg7
47. Bxe6+ Kh8 48. Bf5 Kg8 49. e6 Bf8 50. Bg5 1-0

[Event "25.Schlosspark-Open"]
[Site "Wiesbaden-Biebrich"]
[Date "2013.08.25"]
[Round "7.84"]
[White "Viol, Julius"]
[Black "Rosmanitz, Anna"]
[Result "0-1"]
[WhiteElo "1201"]
[BlackElo "1615"]
[PlyCount "66"]
[EventDate "2013.??.??"]
[WhiteTeam "FC 1934 Wiesbaden-Bierstadt"]
[BlackTeam "SC 1979 Hattersheim"]

1. d4 d5 2. c4 e6 3. Nf3 Nf6 4. Bf4 Nbd7 5. a3 c5 6. e3 cxd4 7. exd4 dxc4 8.
Bxc4 Nb6 9. Bb5+ Bd7 10. Bxd7+ Qxd7 11. Qb3 Be7 12. Nc3 O-O 13. Rc1 Rac8 14.
O-O Nfd5 15. Nxd5 Nxd5 16. Ne5 Qd8 17. Qxb7 Rxc1 18. Rxc1 Nxf4 19. Nc6 Qd6 20.
Qxe7 Qd5 21. f3 Ne2+ 22. Kf2 Nxc1 23. Qc7 Qg5 24. f4 Qh4+ 25. Kf1 Nd3 26. Ke2
Qxf4 27. Qxf4 Nxf4+ 28. Kf3 Nd5 29. Nxa7 Rb8 30. b4 Rb7 31. Nc6 Rc7 32. Ne5
Rc3+ 33. Ke4 Re3# 0-1

[Event "25.Schlosspark-Open"]
[Site "Wiesbaden-Biebrich"]
[Date "2013.08.25"]
[Round "7.85"]
[White "Troeger, Beate"]
[Black "Happel, Jürgen"]
[Result "0-1"]
[WhiteElo "1550"]
[BlackElo "1552"]
[PlyCount "80"]
[EventDate "2013.??.??"]
[WhiteTeam "Vorw.Orient Mainz"]
[BlackTeam "SV 1920 Hofheim"]

1. f4 d5 2. Nf3 Nf6 3. b3 e6 4. Bb2 Be7 5. e3 a6 6. g3 Nc6 7. Bg2 Bd7 8. O-O
O-O 9. a3 Na5 10. Ne5 Be8 11. d3 c5 12. Nd2 Rc8 13. e4 b5 14. Ndf3 dxe4 15.
dxe4 Qxd1 16. Raxd1 Nxe4 17. Nd7 Bxd7 18. Rxd7 Rfe8 19. Rfd1 Nc6 20. Ne5 Nxe5
21. Bxe5 f5 22. Bxe4 fxe4 23. Kf2 c4 24. b4 Kf7 25. Bc7 Kf6 26. g4 g5 27. Ke3
gxf4+ 28. Kxe4 Kg5 29. Kf3 h5 30. Bxf4+ Kg6 31. Rg1 hxg4+ 32. Rxg4+ Kf7 33. Bc7
Rf8 34. Ke3 Ke8 35. Rgd4 Rf7 36. Be5 Bg5+ 37. Ke4 Rxd7 38. Rxd7 Kxd7 39. Bg3
Be7 40. h4 Rh8 0-1

[Event "25.Schlosspark-Open"]
[Site "Wiesbaden-Biebrich"]
[Date "2013.08.25"]
[Round "7.86"]
[White "Schöneberger, Thomas"]
[Black "Knödler, Marcel"]
[Result "1/2-1/2"]
[WhiteElo "1382"]
[BlackElo "929"]
[PlyCount "138"]
[EventDate "2013.??.??"]
[WhiteTeam "SC 1979 Hattersheim"]
[BlackTeam "FC 1934 Wiesbaden-Bierstadt"]

1. e4 e6 2. c4 c5 3. Nc3 Nc6 4. Nf3 Nf6 5. h3 d5 6. cxd5 exd5 7. exd5 Nxd5 8.
Bc4 Nb6 9. Be2 Bd6 10. O-O h6 11. Ne4 Bc7 12. Qc2 Bf5 13. d3 Bxe4 14. dxe4 Qe7
15. Be3 Bd6 16. Bb5 O-O 17. Bxc6 bxc6 18. Rac1 Rab8 19. b3 Nd7 20. g3 Rfe8 21.
Rfd1 Rb7 22. Nh4 Qe5 23. Bf4 Qxe4 24. Rxd6 Qxc2 25. Rxc2 g5 26. Be3 gxh4 27. g4
Re6 28. Rcd2 Ne5 29. Kg2 Rb5 30. Bxh6 c4 31. Rxe6 fxe6 32. Rb2 a5 33. Bd2 a4
34. b4 c5 35. a3 Nc6 36. f4 Kf7 37. Kf3 Ke7 38. Ke4 Kd6 39. Bc3 Ke7 40. g5 Kf7
41. Kf3 Kg6 42. Kg4 cxb4 43. axb4 a3 44. Ra2 Nxb4 45. Rxa3 Nd5 46. Be5 Rb3 47.
Rxb3 cxb3 48. Bd4 Nb4 49. Kxh4 Nd3 50. Kg4 b2 51. Bxb2 Nxb2 52. h4 Nd3 53. h5+
Kg7 54. Kf3 e5 55. f5 Nf4 56. h6+ Kh7 57. Kg4 Nd5 58. Kf3 Nf4 59. Ke4 Nh3 60.
g6+ Kxh6 61. Kxe5 Ng5 62. Kf6 Ne4+ 63. Kf7 Nd6+ 64. Ke6 Ne8 65. Ke7 Ng7 66. f6
Nf5+ 67. Ke6 Kxg6 68. Ke5 Nh6 69. Ke6 Kh7 1/2-1/2

[Event "25.Schlosspark-Open"]
[Site "Wiesbaden-Biebrich"]
[Date "2013.08.25"]
[Round "7.87"]
[White "Jahraus, Marlis"]
[Black "Gerlach, Manuel"]
[Result "1-0"]
[WhiteElo "799"]
[BlackElo "1260"]
[PlyCount "87"]
[EventDate "2013.??.??"]
[WhiteTeam "SC Untergrombach 46"]
[BlackTeam "SV Oberursel"]

1. e4 e5 2. Nf3 Nc6 3. Bb5 a6 4. Ba4 b5 5. Bb3 Nf6 6. O-O d6 7. Re1 Be7 8. h3
O-O 9. c3 Na5 10. Bc2 c5 11. d4 Bb7 12. Nbd2 Qc7 13. Nf1 Rfe8 14. d5 Rac8 15.
Ne3 Qb6 16. Bd2 Ba8 17. Nf5 Bd8 18. b3 Qa7 19. Nxd6 Bb6 20. Nxc8 Rxc8 21. Qe2
Re8 22. Bg5 Nh5 23. c4 h6 24. Bd2 Bb7 25. Bc3 Nf4 26. Qd2 f6 27. Bxa5 Bxa5 28.
Qxa5 Bc8 29. g3 Nxh3+ 30. Kg2 Qf7 31. Rh1 Ng5 32. Nxg5 fxg5 33. Qd2 Bg4 34. Bd1
Bxd1 35. Raxd1 Rd8 36. d6 Qb7 37. Qd5+ Qf7 38. Qxf7+ Kxf7 39. Rd5 Ke6 40. Rhd1
Rd7 41. Rxc5 Rxd6 42. Rxd6+ Kxd6 43. Rd5+ Ke6 44. c5 1-0

[Event "25.Schlosspark-Open"]
[Site "Wiesbaden-Biebrich"]
[Date "2013.08.25"]
[Round "7.88"]
[White "Viol, Lucius"]
[Black "Triantafillidis, Simeon"]
[Result "1/2-1/2"]
[WhiteElo "957"]
[BlackElo "1371"]
[PlyCount "82"]
[EventDate "2013.??.??"]
[WhiteTeam "FC 1934 Wiesbaden-Bierstadt"]
[BlackTeam "SF HN-Biberach 1978 e.V."]

1. Nf3 Nc6 2. c4 e5 3. e4 Nf6 4. d3 Bc5 5. h3 d6 6. Nc3 Be6 7. Nd5 Bxd5 8. exd5
Nd4 9. Be2 O-O 10. Be3 Re8 11. Bxd4 Bxd4 12. Nxd4 exd4 13. O-O c6 14. dxc6 bxc6
15. Bf3 Rc8 16. Qa4 Qc7 17. Rac1 Re5 18. b4 h6 19. Qa3 a5 20. b5 c5 21. Rb1 Qb6
22. Qb2 d5 23. cxd5 Nxd5 24. Bxd5 Rxd5 25. Qc1 Rd7 26. Qf4 c4 27. dxc4 Rxc4 28.
Rfc1 Rxc1+ 29. Qxc1 Rd8 30. Qc6 Qb8 31. b6 d3 32. Qc7 d2 33. Rd1 Rc8 34. Qxb8
Rxb8 35. Rxd2 Rxb6 36. Rd8+ Kh7 37. Rd4 Ra6 38. Kf1 Kg6 39. Ke2 Kf6 40. Kd3 Ke6
41. Ke4 Ra7 1/2-1/2

[Event "25.Schlosspark-Open"]
[Site "Wiesbaden-Biebrich"]
[Date "2013.08.25"]
[Round "7.90"]
[White "Klein, Simon"]
[Black "Wöhl, Torsten"]
[Result "0-1"]
[WhiteElo "919"]
[BlackElo "1647"]
[PlyCount "54"]
[EventDate "2013.??.??"]
[WhiteTeam "Sfr. Frankfurt 1921"]
[BlackTeam "SC Groß-Zimmern"]

1. d4 Nf6 2. Nc3 e6 3. e4 d5 4. e5 Nfd7 5. Bd3 c5 6. dxc5 Bxc5 7. Nf3 Nc6 8.
Bf4 O-O 9. O-O Nd4 10. Ng5 f5 11. exf6 Nxf6 12. Be5 g6 13. Re1 Nd7 14. Na4 Qxg5
15. Nxc5 Nxe5 16. g3 Nef3+ 17. Kf1 Nxe1 18. Qxe1 e5 19. Qb4 Bh3+ 20. Ke1 Nf3+
21. Ke2 Nxh2 22. Rh1 Bg4+ 23. Ke1 Nf3+ 24. Kf1 Nd4 25. Qxb7 Qc1+ 26. Kg2 Bf3+
27. Kh3 Qxh1# 0-1